{"text_format":"3","workbook":"xlsx","n_sheets":7,"sheets":["表3-5 单位工程预算价汇总表","表3-6 分部分项工程计价表","3.1措施项目费汇总表（输出清单项）","表3-13 其他项目计价表","表3-19 规费和税金项目计算表","5.5主要材料价格表","1.1.2综合单价计算表"],"read":"whole","date_system":"1900"}

{"sheet":"表3-5 单位工程预算价汇总表","index":0,"n_rows":25,"n_cols":6,"rows_kept":25,"merged":[[0,0,0,5],[1,0,1,2],[1,4,1,5],[2,2,2,4],[3,2,3,4],[4,2,4,4],[5,2,5,4],[6,2,6,4],[7,2,7,4],[8,2,8,4],[9,2,9,4],[10,2,10,4],[11,2,11,4],[12,2,12,4],[13,2,13,4],[14,2,14,4],[15,2,15,4],[16,2,16,4],[17,2,17,4],[18,2,18,4],[19,2,19,4],[20,2,20,4],[21,2,21,4],[22,2,22,4],[23,2,23,4],[24,2,24,4],[25,2,25,4],[26,2,26,4],[27,2,27,4],[28,2,28,4],[29,2,29,4],[30,2,30,4],[31,2,31,4],[32,2,32,4],[33,2,33,4],[34,2,34,4],[35,2,35,4]]}
["单位工程造价汇总表"]
["工程名称：南村镇美丽家园社区改造项目",{"$nulls":3},"第 1 页  共 1 页"]
["序号","费 用 名 称","计 算 基 础",null,null,"金  额（元）"]
["1","分部分项合计","分部分项合计",null,null,816298.1]
["1.1","拆除工程",{"$nulls":3},98025.23]
["1.2","新建工程",{"$nulls":3},696879.91]
["1.3","垃圾分类点",{"$nulls":3},21392.96]
["2","措施合计","绿色施工安全防护措施费+其他措施费",null,null,76512.9]
["2.1","绿色施工安全防护措施费","安全及文明施工措施费",null,null,68947.34]
["2.2","其他措施费","其他措施费",null,null,7565.56]
["3","其他项目","其他项目合计",null,null,17490.55]
["3.1","暂列金额","暂列金额"]
["3.2","暂估价","暂估价合计"]
["3.3","计日工","计日工"]
["3.4","总承包服务费","总承包服务费"]
["3.5","预算包干费","预算包干费",null,null,17490.55]
["3.6","工程优质费","工程优质费"]
["3.7","概算幅度差","概算幅度差"]
["3.8","索赔费用","索赔费用"]
["3.9","现场签证费用","现场签证费用"]
["3.10","其他费用","其他费用"]
["4","税前工程造价","分部分项合计+措施合计+其他项目",null,null,910301.55]
["5","增值税销项税额","分部分项合计+措施合计+其他项目",null,null,81927.14]
["6","总造价","分部分项合计+措施合计+其他项目+增值税销项税额",null,null,992228.69]
["7","人工费","分部分项人工费+技术措施项目人工费",null,null,279201.74]

{"sheet":"表3-6 分部分项工程计价表","index":1,"n_rows":66,"n_cols":10,"rows_kept":66,"merged":[[0,0,0,9],[1,0,1,5],[1,7,1,9],[2,0,3,0],[2,1,3,1],[2,2,3,2],[2,3,3,3],[2,4,3,4],[2,5,3,7],[2,8,2,9],[4,2,4,3],[4,5,4,7],[5,5,5,7],[6,5,6,7],[7,5,7,7],[8,5,8,7],[9,5,9,7],[10,5,10,7],[11,5,11,7],[12,5,12,7],[13,5,13,7],[14,5,14,7],[15,5,15,7],[16,5,16,7],[17,5,17,7],[18,5,18,7],[19,5,19,7],[20,5,20,7],[21,0,21,8],[22,0,22,9],[23,0,23,5],[23,7,23,9],[24,0,25,0],[24,1,25,1],[24,2,25,2],[24,3,25,3],[24,4,25,4],[24,5,25,7],[24,8,24,9],[26,2,26,3],[26,5,26,7],[27,2,27,3],[27,5,27,7],[28,5,28,7],[29,5,29,7],[30,5,30,7],[31,5,31,7],[32,5,32,7],[33,5,33,7],[34,5,34,7],[35,5,35,7],[36,5,36,7],[37,5,37,7],[38,5,38,7],[39,0,39,8],[40,0,40,9],[41,0,41,5],[41,7,41,9],[42,0,43,0],[42,1,43,1],[42,2,43,2],[42,3,43,3],[42,4,43,4],[42,5,43,7],[42,8,42,9],[44,5,44,7],[45,5,45,7],[46,5,46,7],[47,2,47,3],[47,5,47,7],[48,2,48,3],[48,5,48,7],[49,5,49,7],[50,5,50,7],[51,5,51,7],[52,5,52,7],[53,5,53,7],[54,5,54,7],[55,5,55,7],[56,5,56,7],[57,2,57,3],[57,5,57,7],[58,5,58,7],[59,5,59,7],[60,5,60,7],[61,5,61,7],[62,5,62,7],[63,5,63,7],[64,0,64,8],[65,0,65,8]]}
["分部分项工程计价表"]
["工程名称：南村镇美丽家园社区改造项目",{"$nulls":6},"第 1 页  共 3 页"]
["序号","项目编码","项目名称","项目特征描述","计量\n单位","工程数量",null,null,"金额（元）"]
[{"$nulls":8},"综合单价","合价"]
[null,null," 拆除工程"]
[1,"041001002004","铲除原有0.6m宽花岗岩园路及结构层，约300厚，清理并运走","1.材质:原有花岗岩园路\n2.厚度:6cm","m2","24.96",null,null,2.79,69.64]
[2,"041001005004","拆除原有机制砼路沿石","1.材质:原有路缘石","m","114.5",null,null,2.54,290.83]
[3,"040101001002","铲除原有素土厚度约160mm","1.土壤类别:原有素土\n2.挖土深度:160mm","m3","92.48",null,null,21.55,1992.94]
[4,"040101001003","铲除原有花基内绿化并外运种植土厚度约140mm","1.土壤类别:种植土\n2.挖土深度:140mm","m3","115.66",null,null,21.55,2492.47]
[5,"050101007004","清除地被植物","1.植物种类:原有花基内绿化","m2","821.5",null,null,1.93,1585.5]
[6,"041001002003","铲除原有停车位植草砖及结构层，厚度约300mm","1.材质:原有停车位植草砖\n2.厚度:6cm","m2","582.6",null,null,3.18,1852.67]
[7,"041001003001","拆除基层","1.材质:基层\n2.厚度:24cm","m2","607.56",null,null,21.5,13062.54]
[8,"011605001001","铲除原有石凳饰面层防腐木","1.拆除的部位名称:原有石凳饰面层防腐木\n2.截面尺寸:600*400mm","m2","28.42",null,null,20.99,596.54]
[9,"041001004001","刨除原混凝土路面，厚度约为10mm","1.材质:现状砼路面（清洗、铣刨1cm）","m2","1173.4",null,null,8.99,10548.87]
[10,"041001002005","铲除原人行道花岗岩及结构层，厚度约150mm，清理并运走","1.材质:原人行道花岗岩","m2","74.4",null,null,2.79,207.58]
[11,"041001001002","拆除原混凝土地面及结构层，厚度约为300mm，清理并运走","1.材质:150厚C15混凝土","m2","72",null,null,16.44,1183.68]
[12,"041001003002","拆除基层","1.材质:基层\n2.厚度:15cm","m2","146.4",null,null,13.36,1955.9]
[13,"011608002002","打磨原有剪力墙饰面层300厚","1.铲除部位名称:打磨原有剪力墙饰面层300厚","m2","9652.52",null,null,5.24,50579.2]
[14,"040103002006","余方弃置","1.废弃料品种:石方\n2.运距:5km","m3","68.6",null,null,32.32,2217.15]
[15,"040103002007","余方弃置","1.废弃料品种:土方\n2.运距:5km","m3","388.22",null,null,19.07,7403.36]
[16,"040103002008","余方弃置","1.废弃料品种:拆除废料外运\n2.运距:5km","m3","293.84",null,null,6.76,1986.36]
["本页小计",{"$nulls":8},98025.23]
["分部分项工程计价表"]
["工程名称：南村镇美丽家园社区改造项目",{"$nulls":6},"第 2 页  共 3 页"]
["序号","项目编码","项目名称","项目特征描述","计量\n单位","工程数量",null,null,"金额（元）"]
[{"$nulls":8},"综合单价","合价"]
[null,null,"【拆除工程】分部小计",{"$nulls":6},98025.23]
[null,null," 新建工程"]
[17,"040204004002","安砌侧(平、缘)石","1.材料品种、规格:机制砼路沿石500*350*150mm\n2.基础、垫层:材料品种、厚度:C20砼后座","m","113.4",null,null,83.26,9441.68]
[18,"040204002001","人行道块料铺设","1.块料品种、规格:300*600*30厚芝麻灰花岗岩，火烧面\n2.找平层:20厚DS M15水泥砂浆找平","m2","39.3",null,null,191.47,7524.77]
[19,"040202015007","水泥稳定碎(砾)石","1.水泥含量:6%\n2.石料规格:水泥石屑垫层\n3.厚度:100厚","m2","39.3",null,null,34.91,1371.96]
[20,"040204002004","人行道块料铺设","1.块料品种、规格:250*250*40厚人行道砖\n2.找平层:20厚DS M15水泥砂浆找平","m2","578",null,null,109.63,63366.14]
[21,"040202015006","水泥稳定碎(砾)石","1.水泥含量:6%\n2.石料规格:水泥石屑垫层\n3.厚度:100厚","m2","578",null,null,34.91,20177.98]
[22,"040204002005","人行道块料铺设","1.块料品种、规格:200*200*20厚仿古砖\n2.找平层:20厚DS M15水泥砂浆找平","m2","827.44",null,null,95.06,78656.45]
[23,"040202015005","水泥稳定碎(砾)石","1.水泥含量:6%\n2.石料规格:水泥石屑垫层\n3.厚度:100厚","m2","827.44",null,null,34.91,28885.93]
[24,"040203007003","新建C30混凝土路面","1.混凝土强度等级:150厚C30混凝土\n2.养生:水养生","m2","798.6",null,null,132.37,105710.68]
[25,"040202015003","水泥稳定碎(砾)石","1.水泥含量:6%\n2.石料规格:水泥石粉垫层\n3.厚度:15cm","m2","798.6",null,null,52.38,41830.67]
[26,"040203006002","新建改性沥青砼路面","1.40厚细粒式改性沥青砼（AC-13C）\n2.乳化沥青粘层\n3.土工格栅","m2","1173.4",null,null,87.32,102461.29]
[27,"040205004001","不锈钢烤漆板","1.类型:不锈钢烤漆板\n2.材质、规格尺寸:600*500（详细尺寸见图纸大样图）","块","37",null,null,75.04,2776.48]
["本页小计",{"$nulls":8},462204.03]
["分部分项工程计价表"]
["工程名称：南村镇美丽家园社区改造项目",{"$nulls":6},"第 3 页  共 3 页"]
["序号","项目编码","项目名称","项目特征描述","计量\n单位","工程数量",null,null,"金额（元）"]
[{"$nulls":8},"综合单价","合价"]
[28,"011108001002","休闲凳改造","1.找平层厚度、砂浆配合比:20厚WP M20水泥砂浆找平层\n2.面层材料品种、规格、颜色:300*600*30厚芝麻灰花岗石，光面","m2","28.42",null,null,222.4,6320.61]
[29,"011506003001","新建钢化玻璃雨篷","1.龙骨材料种类、规格、中距:100*100*1.2mm厚304型拉丝面不锈钢方管","m2","0.8",null,null,453.44,362.75]
[30,"011407001001","墙面喷刷涂料","1.刮腻子要求:满刮腻子一道\n2.涂料品种、喷刷遍数:3厚白色无机涂料","m2","9652.52",null,null,23.62,227992.52]
[null,null,"【新建工程】分部小计",{"$nulls":6},696879.91]
[null,null," 垃圾分类点"]
[31,"040101002001","挖沟槽土方","1.人工挖沟槽土方 一、二类土 深度在2m内","m3","11.39",null,null,39.82,453.55]
[32,"040103002005","余方弃置","1.废弃料品种:土方\n2.运距:5公里","m3","11.39",null,null,30.5,347.4]
[33,"040202015004","水泥稳定碎(砾)石","1.水泥含量:6%\n2.石料规格:水泥石粉垫层\n3.厚度:15cm","m2","3.8",null,null,52.38,199.04]
[34,"040303002004","混凝土基础","1.混凝土强度等级:300厚C15混凝土结构层","m3","4.62",null,null,743.69,3435.85]
[35,"010401001001","砖砌结构","1.砖砌结构","m3","1.45",null,null,557.11,807.81]
[36,"011108001001","石材零星项目","1.找平层厚度、砂浆配合比:20厚WP M20水泥砂浆找平层\n2.面层材料品种、规格、颜色:300*600*30厚芝麻灰花岗石，光面","m2","26.82",null,null,245.88,6594.5]
[37,"010606012001","分类垃圾支架","1.钢材品种、规格:详见图纸大样图","t","0.272",null,null,29134.66,7924.63]
[38,"010901003001","阳光板屋面","1.阳光板品种、规格:3mm厚草绿色PC阳光板","m2","15.18",null,null,107.39,1630.18]
[null,null,"【垃圾分类点】分部小计",{"$nulls":6},21392.96]
[]
[]
[]
[]
[]
[]
["本页小计",{"$nulls":8},256068.84]
["合  计",{"$nulls":8},816298.1]

{"sheet":"3.1措施项目费汇总表（输出清单项）","index":2,"n_rows":38,"n_cols":8,"rows_kept":38,"merged":[[0,0,0,7],[1,0,1,5],[1,6,1,7],[2,0,2,0],[2,1,2,2],[2,3,2,3],[2,4,2,4],[2,5,2,6],[3,1,3,2],[3,5,3,6],[4,1,4,2],[4,5,4,6],[5,1,5,2],[5,5,5,6],[6,1,6,2],[6,5,6,6],[7,1,7,2],[7,5,7,6],[8,1,8,2],[8,5,8,6],[9,1,9,2],[9,5,9,6],[10,1,10,2],[10,5,10,6],[11,1,11,2],[11,5,11,6],[12,1,12,2],[12,5,12,6],[13,1,13,2],[13,5,13,6],[14,1,14,2],[14,5,14,6],[15,1,15,2],[15,5,15,6],[16,1,16,2],[16,5,16,6],[17,1,17,2],[17,5,17,6],[18,1,18,2],[18,5,18,6],[19,1,19,2],[19,5,19,6],[20,1,20,2],[20,5,20,6],[21,1,21,2],[21,5,21,6],[22,1,22,2],[22,5,22,6],[23,1,23,2],[23,5,23,6],[24,1,24,2],[24,5,24,6],[25,1,25,2],[25,5,25,6],[26,1,26,2],[26,5,26,6],[27,1,27,2],[27,5,27,6],[28,1,28,2],[28,5,28,6],[29,1,29,2],[29,5,29,6],[30,1,30,2],[30,5,30,6],[31,1,31,2],[31,5,31,6],[32,1,32,2],[32,5,32,6],[33,1,33,2],[33,5,33,6],[34,1,34,2],[34,5,34,6],[35,1,35,2],[35,5,35,6],[36,1,36,2],[36,5,36,6],[37,1,37,2],[37,5,37,6]]}
["措施项目费汇总表"]
["工程名称：南村镇美丽家园社区改造项目",{"$nulls":5},"第 1 页 共 1 页"]
["编码","名称",null,"单位","数量","单价（元）",null,"合价（元）"]
["1","绿色施工安全防护措施费"]
["1.1","综合脚手架",null,"项",1,20848.32,null,20848.32]
["041101001001","墙面脚手架",null,"m2",9652,2.16,null,20848.32]
["1.2","靠脚手架安全挡板",null,"项",1]
["1.3","围尼龙编制布",null,"项",1]
["1.4","桥梁支架",null,"项",1]
["1.5","施工现场围挡和临时占地围挡",null,"项",1]
["1.6","施工围挡照明",null,"项",1]
["1.7","独立安全防护挡板",null,"项",1]
["1.8","吊装设备基础",null,"项",1]
["LSSGCSF00001","绿色施工安全防护措施费",null,"项","RGF+JXF","16.5%",null,48099.02]
[null,"小计",null,"元",{"$nulls":3},68947.34]
["2","措施其他项目"]
["粤041109009001","文明工地增加费",null,"项","RGF+JXF","0%"]
["041109002001","夜间施工增加费",null,"项",null,"20%"]
["041109005001","交通疏解员增加费",null,"项",null,"15%"]
["041108001001","地下管线交叉降效费",null,"项",null,"0%"]
["粤041109008001","赶工措施费",null,"项","RGF+JXF","0%"]
["QTFY00000001","其他费用",null,"项",1]
["2.7","围堰工程",null,"项",1]
["2.8","材料二次运输",null,"项",1]
["2.9","井点降水工程",null,"项",1]
["2.10","施工护栏",null,"项",1]
["2.11","监测量控工程",null,"项",1]
["2.12","模板工程",null,"项",1]
["041102002001","基础模板",null,"m2",135.22,55.95,null,7565.56]
[null,"小计",null,"元",{"$nulls":3},7565.56]
{"$rows_empty":7}
[null,"合计",{"$nulls":5},"76512.90"]

{"sheet":"表3-13 其他项目计价表","index":3,"n_rows":32,"n_cols":7,"rows_kept":32,"merged":[[0,0,0,6],[1,0,1,3],[1,5,1,6],[2,3,2,5],[3,3,3,5],[4,3,4,5],[5,3,5,5],[6,3,6,5],[7,3,7,5],[8,3,8,5],[9,3,9,5],[10,3,10,5],[11,3,11,5],[12,3,12,5],[13,3,13,5],[14,3,14,5],[15,3,15,5],[16,3,16,5],[17,3,17,5],[18,3,18,5],[19,3,19,5],[20,3,20,5],[21,3,21,5],[22,3,22,5],[23,3,23,5],[24,3,24,5],[25,3,25,5],[26,3,26,5],[27,3,27,5],[28,3,28,5],[29,3,29,5],[30,3,30,5],[31,0,31,2],[31,3,31,5]]}
["其他项目清单与计价表"]
["工程名称：南村镇美丽家园社区改造项目",{"$nulls":4},"第 1 页  共 1 页"]
["序号","项目名称","单位","金额（元）",null,null,"备注"]
["1","暂列金额","项"]
["2","暂估价","项"]
["2.1","材料暂估价","项"]
["2.2","专业工程暂估价","项"]
["3","计日工","项"]
["4","总承包服务费","项"]
["5","预算包干费","项",17490.55,null,null,"按分部分项的人工费与施工机具费之和的 6.00%计算"]
["6","工程优质费","项",{"$nulls":3},"按分部分项的人工费与施工机具费之和为计算基础\n国家级质量奖：12.10%；省级质量奖：7.20%；市级质量奖：4.50%"]
["7","概算幅度差","项",{"$nulls":3},"按分部分项工程费的3.00%计算"]
["8","现场签证费用","项"]
["9","索赔费用","项"]
["10","其他费用","项",{"$nulls":3},"按实际发生或经批准的施工方案计算"]
{"$rows_empty":16}
["合    计",null,null,"17490.55",null,null,"-"]

{"sheet":"表3-19 规费和税金项目计算表","index":4,"n_rows":38,"n_cols":7,"rows_kept":38,"merged":[[0,0,0,6],[1,0,1,3],[1,5,1,6],[2,3,2,5],[3,3,3,5],[4,3,4,5],[5,3,5,5],[6,3,6,5],[7,3,7,5],[8,3,8,5],[9,3,9,5],[10,3,10,5],[11,3,11,5],[12,3,12,5],[13,3,13,5],[14,3,14,5],[15,3,15,5],[16,3,16,5],[17,3,17,5],[18,3,18,5],[19,3,19,5],[20,3,20,5],[21,3,21,5],[22,3,22,5],[23,3,23,5],[24,3,24,5],[25,3,25,5],[26,3,26,5],[27,3,27,5],[28,3,28,5],[29,3,29,5],[30,3,30,5],[31,3,31,5],[32,3,32,5],[33,3,33,5],[34,3,34,5],[35,3,35,5],[36,3,36,5],[37,0,37,5]]}
["规费和税金项目清单与计价表"]
["工程名称：南村镇美丽家园社区改造项目",{"$nulls":4},"第 1 页  共 1 页"]
["序号","项 目 名 称","计 算 基 础","费率（%）",null,null,"金额（元）"]
["1","增值税销项税额","分部分项合计+措施合计+其他项目","9",null,null,81927.14]
{"$rows_empty":33}
["合计",{"$nulls":5},81927.14]

{"sheet":"5.5主要材料价格表","index":5,"n_rows":108,"n_cols":10,"rows_kept":108,"merged":[[0,0,0,9],[1,0,1,5],[1,7,1,9],[2,5,2,7],[3,5,3,7],[4,5,4,7],[5,5,5,7],[6,5,6,7],[7,5,7,7],[8,5,8,7],[9,5,9,7],[10,5,10,7],[11,5,11,7],[12,5,12,7],[13,5,13,7],[14,5,14,7],[15,5,15,7],[16,5,16,7],[17,5,17,7],[18,5,18,7],[19,5,19,7],[20,5,20,7],[21,5,21,7],[22,5,22,7],[23,5,23,7],[24,5,24,7],[25,5,25,7],[26,5,26,7],[27,5,27,7],[28,5,28,7],[29,5,29,7],[30,5,30,7],[31,5,31,7],[32,5,32,7],[33,5,33,7],[34,5,34,7],[35,5,35,7],[36,5,36,7],[37,5,37,7],[38,0,38,9],[39,0,39,5],[39,7,39,9],[40,5,40,7],[41,5,41,7],[42,5,42,7],[43,5,43,7],[44,5,44,7],[45,5,45,7],[46,5,46,7],[47,5,47,7],[48,5,48,7],[49,5,49,7],[50,5,50,7],[51,5,51,7],[52,5,52,7],[53,5,53,7],[54,5,54,7],[55,5,55,7],[56,5,56,7],[57,5,57,7],[58,5,58,7],[59,5,59,7],[60,5,60,7],[61,5,61,7],[62,5,62,7],[63,5,63,7],[64,5,64,7],[65,5,65,7],[66,5,66,7],[67,5,67,7],[68,5,68,7],[69,5,69,7],[70,5,70,7],[71,0,71,9],[72,0,72,5],[72,7,72,9],[73,5,73,7],[74,5,74,7],[75,5,75,7],[76,5,76,7],[77,5,77,7],[78,5,78,7],[79,5,79,7],[80,5,80,7],[81,5,81,7],[82,5,82,7],[83,5,83,7],[84,5,84,7],[85,5,85,7],[86,5,86,7],[87,5,87,7],[88,5,88,7],[89,5,89,7],[90,5,90,7],[91,5,91,7],[92,5,92,7],[93,5,93,7],[94,5,94,7],[95,5,95,7],[96,5,96,7],[97,5,97,7],[98,5,98,7],[99,5,99,7],[100,5,100,7],[101,5,101,7],[102,5,102,7],[103,5,103,7],[104,5,104,7],[105,5,105,7],[106,5,106,7],[107,5,107,7]]}
["主要材料价格表"]
["工程名称：南村镇美丽家园社区改造项目",{"$nulls":6},"第 1 页  共 3 页"]
["序号","材料编码","材料名称","规格","单位","数量",null,null,"市场价\n（元）","市场价合计（元）"]
[1,"01000020","不锈钢型钢","综合","t",0.2938,null,null,19287.81,5666.76]
[2,"01030055","镀锌低碳钢丝","φ2.5~4.0","kg",11.6424,null,null,5.75,66.94]
[3,"01150002","六角空心钢","综合","kg",5.3605,null,null,4.01,21.5]
[4,"01510010","铝合金型材","150系列","kg",2.0428,null,null,19.36,39.55]
[5,"02270070","土工布",null,"m2",0.5909,null,null,6.69,3.95]
[6,"02290030","麻袋",null,"个",12.1528,null,null,1.89,22.97]
[7,"03010065","铁钉",null,"kg",38.0182,null,null,7.56,287.42]
[8,"03011210","不锈钢六角螺栓","M6×30","十套",0.5639,null,null,4,2.26]
[9,"03011505","镀锌六角螺栓","M12×40","十套",1.4102,null,null,4.72,6.66]
[10,"03013361","不锈钢膨胀螺栓","M12×110","十套",0.0762,null,null,45.11,3.44]
[11,"03019001","圆钉","综合","kg",16.0371,null,null,5.36,85.96]
[12,"03134011","水砂纸",null,"张",193.0504,null,null,0.77,148.65]
[13,"03136071","不锈钢焊丝",null,"kg",2.671,null,null,25.32,67.63]
[14,"03139131","合金钢钻头","一字型","个",3.3379,null,null,4.74,15.82]
[15,"03139561","铣刨鼓边刀",null,"把",19.3611,null,null,32.6,631.17]
[16,"03213001","铁件","综合","kg",51.909,null,null,6.8,352.98]
[17,"03214006","角码","10×63×8","只",0.776,null,null,0.44,0.34]
[18,"03214046","零星卡具",null,"kg",37.2802,null,null,5.47,203.92]
[19,"04010015","复合普通硅酸盐水泥","P.C 32.5","t",36.1988,null,null,448,16217.06]
[20,"04010045","白色硅酸盐水泥","32.5","t",0.0061,null,null,823.75,5.02]
[21,"04070045","石屑",null,"m3",360.9688,null,null,163.88,59155.57]
[22,"04130001","标准砖","240×115×53","千块",0.7592,null,null,378.65,287.47]
[23,"05030060","板枋材","综合","m3",0.3918,null,null,1351.79,529.63]
[24,"06090001@1","8mm钢化玻璃雨蓬",null,"m2",0.824,null,null,90,74.16]
[25,"08030080@3","芝麻灰花岗石","300*600*30","m2",58.5544,null,null,130,7612.07]
[26,"09090001@1","3mm厚草绿色PC阳光板",null,"m2",15.6354,null,null,60,938.12]
[27,"12030190","铝合金压条","30×1.2","m",16.0301,null,null,9.2,147.48]
[28,"13030500","腻子粉","成品(一般型)","kg",5994.2149,null,null,2.94,17622.99]
[29,"13030570","乳胶漆","8205","kg",4135.1396,null,null,10.82,44742.21]
[30,"13310050","乳化沥青",null,"kg",1220.336,null,null,3.23,3941.69]
[31,"14030001","柴油",null,"t",0.0469,null,null,5610,263.11]
[32,"14090070","石蜡",null,"kg",1.4638,null,null,3,4.39]
[33,"14210050","环氧树脂","综合","kg",2.5242,null,null,24.89,62.83]
[34,"14310050","草酸",null,"kg",0.5469,null,null,5.59,3.06]
[35,"14350630","脱模剂",null,"kg",-0.182,null,null,5.13,-0.93]
["主要材料价格表"]
["工程名称：南村镇美丽家园社区改造项目",{"$nulls":6},"第 2 页  共 3 页"]
["序号","材料编码","材料名称","规格","单位","数量",null,null,"市场价\n（元）","市场价合计（元）"]
[36,"14390060","氩气",null,"m3",7.5153,null,null,12.08,90.78]
[37,"14410210","硅酮结构胶","双组份","L",0.5096,null,null,50.64,25.81]
[38,"14410450","耐候胶",null,"L",2.115,null,null,61.79,130.69]
[39,"14430190","双面贴","宽10","m",2.8168,null,null,0.92,2.59]
[40,"17270090","高压风管",null,"m",0.3376,null,null,21.88,7.39]
[41,"20310020","方垫片","40×4","只",1.628,null,null,0.3,0.49]
[42,"31190010","美纹纸",null,"m",2.952,null,null,0.05,0.15]
[43,"34050020","包装膜纸","宽101.6","m",2.9304,null,null,0.57,1.67]
[44,"34050040","草板纸","80#","张",40.566,null,null,4.19,169.97]
[45,"34090010","白棉纱",null,"kg",0.8286,null,null,11.47,9.5]
[46,"34090170","泡沫条","φ18","m",0.992,null,null,0.17,0.17]
[47,"34110010","水",null,"m3",294.2748,null,null,4.58,1347.78]
[48,"35010001","复合木模板面板",null,"m2",2.6503,null,null,29.91,79.27]
[49,"35010010","钢模板",null,"kg",76.3091,null,null,4.44,338.81]
[50,"35030080","木支撑",null,"m3",0.4679,null,null,1651.95,772.95]
[51,"36030040","土工格栅",null,"m2",1284.169,null,null,5.19,6664.84]
[52,"99450760","其他材料费",null,"元",1212.2043,null,null,1,1212.2]
[53,"8021902","普通预拌混凝土","碎石粒径综合考虑 C15","m3",4.6662,null,null,569,2655.07]
[54,"8021903","普通预拌混凝土","碎石粒径综合考虑 C20","m3",4.0285,null,null,587,2364.73]
[55,"8021905","普通预拌混凝土","碎石粒径综合考虑 C30","m3",122.1858,null,null,625,76366.13]
[56,"8005902","湿拌砌筑砂浆","砌筑灰缝≥5mm M7.5","m3",0.3422,null,null,620,212.16]
[57,"8005904","湿拌砌筑砂浆","砌筑灰缝≥5mm M15","m3",17.8024,null,null,635,11304.52]
[58,"8005905","湿拌砌筑砂浆","砌筑灰缝≥5mm M20","m3",0.7144,null,null,650,464.36]
[59,"8005908","湿拌抹灰砂浆","一次抹灰厚度≥5mm M15","m3",29.1838,null,null,644,18794.37]
[60,"8005909","湿拌抹灰砂浆","一次抹灰厚度≥5mm M20","m3",0.5418,null,null,660,357.59]
[61,"01110003@1","304型拉丝面不锈钢方管","100*100*1.2","t",0.0097,null,null,4512.91,43.78]
[62,"08000005@2","芝麻灰花岗岩","300*600*30","m2",40.086,null,null,130,5211.18]
[63,"34130010@1","不锈钢烤漆板","600*500","块",37,null,null,25,925]
[64,"36050020","人行道砖","250*250*40","m2",589.56,null,null,39.5,23287.62]
[65,"36050020@6","仿古砖","200*200*20","m2",843.9888,null,null,44.39,37464.66]
["主要材料价格表"]
["工程名称：南村镇美丽家园社区改造项目",{"$nulls":6},"第 3 页  共 3 页"]
["序号","材料编码","材料名称","规格","单位","数量",null,null,"市场价\n（元）","市场价合计（元）"]
[66,"36070020@3","缘石","500*350*150","m",115.101,null,null,45,5179.55]
[67,"80030280","水泥石屑(碎石)混合料",null,"m3",270.1307]
{"$rows_empty":31}
[null,null,"合  计",{"$nulls":6},354719.63]

{"sheet":"1.1.2综合单价计算表","index":6,"n_rows":150,"n_cols":9,"rows_kept":150,"merged":[[0,0,0,8],[1,0,1,5],[1,6,1,8],[2,0,2,0],[2,1,2,1],[2,2,2,3],[2,4,2,4],[2,5,2,6],[2,7,2,7],[3,0,3,0],[3,2,3,3],[3,5,3,6],[4,0,4,0],[4,2,4,3],[4,5,4,6],[5,0,5,0],[5,2,5,3],[5,5,5,6],[6,0,6,0],[6,2,6,3],[6,5,6,6],[7,0,7,0],[7,2,7,3],[7,5,7,6],[8,0,8,0],[8,2,8,3],[8,5,8,6],[9,0,9,0],[9,2,9,3],[9,5,9,6],[10,0,10,0],[10,2,10,3],[10,5,10,6],[11,0,11,0],[11,2,11,3],[11,5,11,6],[12,0,12,0],[12,2,12,3],[12,5,12,6],[13,0,13,0],[13,2,13,3],[13,5,13,6],[14,0,14,0],[14,2,14,3],[14,5,14,6],[15,0,15,0],[15,2,15,3],[15,5,15,6],[16,0,16,0],[16,2,16,3],[16,5,16,6],[17,0,17,0],[17,2,17,3],[17,5,17,6],[18,0,18,0],[18,2,18,3],[18,5,18,6],[19,0,19,0],[19,2,19,3],[19,5,19,6],[20,0,20,0],[20,2,20,3],[20,5,20,6],[21,0,21,0],[21,2,21,3],[21,5,21,6],[22,0,22,0],[22,2,22,3],[22,5,22,6],[23,0,23,0],[23,2,23,3],[23,5,23,6],[24,0,24,0],[24,2,24,3],[24,5,24,6],[25,0,25,8],[26,0,26,5],[26,6,26,8],[27,0,27,0],[27,1,27,1],[27,2,27,3],[27,4,27,4],[27,5,27,6],[27,7,27,7],[28,0,28,0],[28,2,28,3],[28,5,28,6],[29,0,29,0],[29,2,29,3],[29,5,29,6],[30,0,30,0],[30,2,30,3],[30,5,30,6],[31,0,31,0],[31,2,31,3],[31,5,31,6],[32,0,32,0],[32,2,32,3],[32,5,32,6],[33,0,34,0],[33,2,33,3],[33,5,33,6],[34,2,34,3],[34,5,34,6],[35,0,35,0],[35,2,35,3],[35,5,35,6],[36,0,37,0],[36,2,36,3],[36,5,36,6],[37,2,37,3],[37,5,37,6],[38,0,38,0],[38,2,38,3],[38,5,38,6],[39,0,39,0],[39,2,39,3],[39,5,39,6],[40,0,40,0],[40,2,40,3],[40,5,40,6],[41,0,42,0],[41,2,41,3],[41,5,41,6],[42,2,42,3],[42,5,42,6],[43,0,43,0],[43,2,43,3],[43,5,43,6],[44,0,45,0],[44,2,44,3],[44,5,44,6],[45,2,45,3],[45,5,45,6],[46,0,46,0],[46,2,46,3],[46,5,46,6],[47,0,47,0],[47,2,47,3],[47,5,47,6],[48,0,48,8],[49,0,49,5],[49,6,49,8],[50,0,50,0],[50,1,50,1],[50,2,50,3],[50,4,50,4],[50,5,50,6],[50,7,50,7],[51,0,52,0],[51,2,51,3],[51,5,51,6],[52,2,52,3],[52,5,52,6],[53,0,53,0],[53,2,53,3],[53,5,53,6],[54,0,55,0],[54,2,54,3],[54,5,54,6],[55,2,55,3],[55,5,55,6],[56,0,56,0],[56,2,56,3],[56,5,56,6],[57,0,59,0],[57,2,57,3],[57,5,57,6],[58,2,58,3],[58,5,58,6],[59,2,59,3],[59,5,59,6],[60,0,60,0],[60,2,60,3],[60,5,60,6],[61,0,62,0],[61,2,61,3],[61,5,61,6],[62,2,62,3],[62,5,62,6],[63,0,63,0],[63,2,63,3],[63,5,63,6],[64,0,65,0],[64,2,64,3],[64,5,64,6],[65,2,65,3],[65,5,65,6],[66,0,66,8],[67,0,67,5],[67,6,67,8],[68,0,68,0],[68,1,68,1],[68,2,68,3],[68,4,68,4],[68,5,68,6],[68,7,68,7],[69,0,69,0],[69,2,69,3],[69,5,69,6],[70,0,70,0],[70,2,70,3],[70,5,70,6],[71,0,72,0],[71,2,71,3],[71,5,71,6],[72,2,72,3],[72,5,72,6],[73,0,73,0],[73,2,73,3],[73,5,73,6],[74,0,76,0],[74,2,74,3],[74,5,74,6],[75,2,75,3],[75,5,75,6],[76,2,76,3],[76,5,76,6],[77,0,77,0],[77,2,77,3],[77,5,77,6],[78,0,80,0],[78,2,78,3],[78,5,78,6],[79,2,79,3],[79,5,79,6],[80,2,80,3],[80,5,80,6],[81,0,81,0],[81,2,81,3],[81,5,81,6],[82,0,82,0],[82,2,82,3],[82,5,82,6],[83,0,83,0],[83,2,83,3],[83,5,83,6],[84,0,84,0],[84,2,84,3],[84,5,84,6],[85,0,85,0],[85,2,85,3],[85,5,85,6],[86,0,86,0],[86,2,86,3],[86,5,86,6],[87,0,87,0],[87,2,87,3],[87,5,87,6],[88,0,88,0],[88,2,88,3],[88,5,88,6],[89,0,89,8],[90,0,90,5],[90,6,90,8],[91,0,91,0],[91,1,91,1],[91,2,91,3],[91,4,91,4],[91,5,91,6],[91,7,91,7],[92,0,92,0],[92,2,92,3],[92,5,92,6],[93,0,93,0],[93,2,93,3],[93,5,93,6],[94,0,94,0],[94,2,94,3],[94,5,94,6],[95,0,95,0],[95,2,95,3],[95,5,95,6],[96,0,97,0],[96,2,96,3],[96,5,96,6],[97,2,97,3],[97,5,97,6],[98,0,98,0],[98,2,98,3],[98,5,98,6],[99,0,101,0],[99,2,99,3],[99,5,99,6],[100,2,100,3],[100,5,100,6],[101,2,101,3],[101,5,101,6],[102,0,102,0],[102,2,102,3],[102,5,102,6],[103,0,103,0],[103,2,103,3],[103,5,103,6],[104,0,104,0],[104,2,104,3],[104,5,104,6],[105,0,105,0],[105,2,105,3],[105,5,105,6],[106,0,106,0],[106,2,106,3],[106,5,106,6],[107,0,108,0],[107,2,107,3],[107,5,107,6],[108,2,108,3],[108,5,108,6],[109,0,109,0],[109,2,109,3],[109,5,109,6],[110,0,111,0],[110,2,110,3],[110,5,110,6],[111,2,111,3],[111,5,111,6],[112,0,112,0],[112,2,112,3],[112,5,112,6],[113,0,113,8],[114,0,114,5],[114,6,114,8],[115,0,115,0],[115,1,115,1],[115,2,115,3],[115,4,115,4],[115,5,115,6],[115,7,115,7],[116,0,116,0],[116,2,116,3],[116,5,116,6],[117,0,117,0],[117,2,117,3],[117,5,117,6],[118,0,118,0],[118,2,118,3],[118,5,118,6],[119,0,119,0],[119,2,119,3],[119,5,119,6],[120,0,120,0],[120,2,120,3],[120,5,120,6],[121,0,121,0],[121,2,121,3],[121,5,121,6],[122,0,122,0],[122,2,122,3],[122,5,122,6],[123,0,123,0],[123,2,123,3],[123,5,123,6],[124,0,124,0],[124,2,124,3],[124,5,124,6],[125,0,125,0],[125,2,125,3],[125,5,125,6],[126,0,126,0],[126,2,126,3],[126,5,126,6],[127,0,127,0],[127,2,127,3],[127,5,127,6],[128,0,128,0],[128,2,128,3],[128,5,128,6],[129,0,129,0],[129,2,129,3],[129,5,129,6],[130,0,130,0],[130,2,130,3],[130,5,130,6],[131,0,131,0],[131,2,131,3],[131,5,131,6],[132,0,132,0],[132,2,132,3],[132,5,132,6],[133,0,133,0],[133,2,133,3],[133,5,133,6],[134,0,134,0],[134,2,134,3],[134,5,134,6],[135,0,135,0],[135,2,135,3],[135,5,135,6],[136,0,136,0],[136,2,136,3],[136,5,136,6],[137,0,137,0],[137,2,137,3],[137,5,137,6],[138,0,138,0],[138,2,138,3],[138,5,138,6],[139,0,139,0],[139,2,139,3],[139,5,139,6],[140,0,140,0],[140,2,140,3],[140,5,140,6],[141,0,141,0],[141,2,141,3],[141,5,141,6],[142,0,142,0],[142,2,142,3],[142,5,142,6],[143,0,143,0],[143,2,143,3],[143,5,143,6],[144,0,144,0],[144,2,144,3],[144,5,144,6],[145,0,145,0],[145,2,145,3],[145,5,145,6],[146,0,146,0],[146,2,146,3],[146,5,146,6],[147,0,147,0],[147,2,147,3],[147,5,147,6],[148,0,148,0],[148,2,148,3],[148,5,148,6],[149,2,149,3],[149,5,149,6]]}
["综合单价计算表"]
["工程名称：南村镇美丽家园社区改造项目",{"$nulls":5},"第 1 页 共 6 页"]
["序号","编码","名称",null,"单位","工程量",null,"综合单价\n（元）","综合合价\n（元）"]
[1,"041001002004","铲除原有0.6m宽花岗岩园路及结构层，约300厚，清理并运走",null,"m2","24.96",null,2.79,69.64]
[null,"D1-4-32","拆除人行道 普通粘土砖 平铺",null,"100m2",0.2496,null,279.2,69.69]
[2,"041001005004","拆除原有机制砼路沿石",null,"m","114.5",null,2.54,290.83]
[null,"D1-4-39","拆除平(缘)石 混凝土",null,"100m",1.145,null,253.93,290.75]
[3,"040101001002","铲除原有素土厚度约160mm",null,"m3","92.48",null,21.55,1992.94]
[null,"D1-1-6","人工挖一般土方 一、二类土",null,"100m3天然密实方",0.9248,null,2155.26,1993.18]
[4,"040101001003","铲除原有花基内绿化并外运种植土厚度约140mm",null,"m3","115.66",null,21.55,2492.47]
[null,"D1-1-6","人工挖一般土方 一、二类土",null,"100m3天然密实方",1.1566,null,2155.26,2492.77]
[5,"050101007004","清除地被植物",null,"m2","821.5",null,1.93,1585.5]
[null,"借E1-1-1","绿化地铲除杂草",null,"100m2",8.215,null,193.27,1587.71]
[6,"041001002003","铲除原有停车位植草砖及结构层，厚度约300mm",null,"m2","582.6",null,3.18,1852.67]
[null,"D1-4-29","拆除人行道 混凝土预制板 厚8cm内",null,"100m2",5.826,null,318.36,1854.77]
[7,"041001003001","拆除基层",null,"m2","607.56",null,21.5,13062.54]
[null,"D1-4-11 换","小型机械拆除各类底层 厚15cm内 \u007f实际厚度(cm):24",null,"100m2",6.0756,null,2149.53,13059.68]
[8,"011605001001","铲除原有石凳饰面层防腐木",null,"m2","28.42",null,20.99,596.54]
[null,"借A1-19-27 R+200","平面块料拆除 块料面层 水泥砂浆结合层 \u007f铲除找平层 人工费+200",null,"100m2",0.2842,null,2099.02,596.54]
[9,"041001004001","刨除原混凝土路面，厚度约为10mm",null,"m2","1173.4",null,8.99,10548.87]
[null,"D1-4-85","铣刨机铣刨路面 混凝土路面(厚5cm内)",null,"1000m2",1.1734,null,8985.26,10543.3]
[10,"041001002005","铲除原人行道花岗岩及结构层，厚度约150mm，清理并运走",null,"m2","74.4",null,2.79,207.58]
[null,"D1-4-32","拆除人行道 普通粘土砖 平铺",null,"100m2",0.744,null,279.2,207.72]
[11,"041001001002","拆除原混凝土地面及结构层，厚度约为300mm，清理并运走",null,"m2","72",null,16.44,1183.68]
[null,"D1-4-3","小型机械拆除混凝土类路面层 无筋 厚15cm内  \u007f",null,"100m2",0.72,null,1644.28,1183.88]
["综合单价计算表"]
["工程名称：南村镇美丽家园社区改造项目",{"$nulls":5},"第 2 页 共 6 页"]
["序号","编码","名称",null,"单位","工程量",null,"综合单价\n（元）","综合合价\n（元）"]
[12,"041001003002","拆除基层",null,"m2","146.4",null,13.36,1955.9]
[null,"D1-4-11","小型机械拆除各类底层 厚15cm内  \u007f",null,"100m2",1.464,null,1335.84,1955.67]
[13,"011608002002","打磨原有剪力墙饰面层300厚",null,"m2","9652.52",null,5.24,50579.2]
[null,"借A1-19-42","油漆涂料裱糊铲除 墙面抹灰面",null,"100m2",96.5252,null,524.14,50592.72]
[14,"040103002006","余方弃置",null,"m3","68.6",null,32.32,2217.15]
[null,"D1-1-125","装载机装松散石方",null,"1000m3天然密实方",0.0686,null,6592.84,452.27]
[null,"D1-1-126 换","自卸汽车运石方 运距1km \u007f实际运距(km):5",null,"1000m3天然密实方",0.0686,null,25727.29,1764.89]
[15,"040103002007","余方弃置",null,"m3","388.22",null,19.07,7403.36]
[null,"D1-1-51","挖掘机装土",null,"1000m3天然密实方",0.38822,null,2873.58,1115.58]
[null,"D1-1-53 换","自卸汽车运土方 运距1km内 \u007f实际运距(km):5",null,"1000m3天然密实方",0.38822,null,16195.77,6287.52]
[16,"040103002008","余方弃置",null,"m3","293.84",null,6.76,1986.36]
[null,"借A1-19-69 换","拆除废料外运 人工装自卸汽车运 3km内 \u007f实际运距(km):5",null,"10m3",2.9384,null,675.52,1984.95]
[17,"040204004002","安砌侧(平、缘)石",null,"m","113.4",null,83.26,9441.68]
[null,"D2-4-19 换","缘石铺设 混凝土 长度 50cm \u007f合并制作子目 湿拌砌筑砂浆 砌筑灰缝≥5mm M20",null,"100m",1.134,null,5850.76,6634.76]
[null,"D2-4-33 换","浇筑侧(缘)石混凝土后座 \u007f合并制作子目 普通预拌混凝土 碎石粒径综合考虑 C20",null,"10m3",0.3969,null,7073.22,2807.36]
[18,"040204002001","人行道块料铺设",null,"m2","39.3",null,191.47,7524.77]
[null,"D2-4-3 换","花岗岩人行道砖 5cm \u007f合并制作子目 湿拌砌筑砂浆 砌筑灰缝≥5mm M20",null,"100m2",0.393,null,16831.75,6614.88]
[null,"借A1-12-1 换","楼地面水泥砂浆找平层 混凝土或硬基层上 20mm \u007f合并制作子目 湿拌抹灰砂浆 一次抹灰厚度≥5mm M15",null,"100m2",0.393,null,2315.27,909.9]
[19,"040202015007","水泥稳定碎(砾)石",null,"m2","39.3",null,34.91,1371.96]
[null,"D2-2-4","集中拌合水泥石屑混合料 水泥含量 6%",null,"m3",3.93,null,309.85,1217.71]
["综合单价计算表"]
["工程名称：南村镇美丽家园社区改造项目",{"$nulls":5},"第 3 页 共 6 页"]
["序号","编码","名称",null,"单位","工程量",null,"综合单价\n（元）","综合合价\n（元）"]
[null,"D2-2-8 换","自卸汽车运输水泥石屑(碎石)混合料 自卸汽车装载 第一个1km \u007f实际运距(km):5",null,"100m3",0.0393,null,1944.12,76.4]
[null,"D2-2-12 换","机械铺筑水泥石屑(碎石)混合料 厚度 15cm \u007f实际厚度(cm):10",null,"100m2",0.393,null,198.38,77.96]
[20,"040204002004","人行道块料铺设",null,"m2","578",null,109.63,63366.14]
[null,"D2-4-2 换","人行道砖 砂浆垫层(结合层) 厚度3cm \u007f合并制作子目 湿拌砌筑砂浆 砌筑灰缝≥5mm M15",null,"100m2",5.78,null,8647.6,49983.13]
[null,"借A1-12-1 换","楼地面水泥砂浆找平层 混凝土或硬基层上 20mm \u007f合并制作子目 湿拌抹灰砂浆 一次抹灰厚度≥5mm M15",null,"100m2",5.78,null,2315.27,13382.26]
[21,"040202015006","水泥稳定碎(砾)石",null,"m2","578",null,34.91,20177.98]
[null,"D2-2-4","集中拌合水泥石屑混合料 水泥含量 6%",null,"m3",57.8,null,309.85,17909.33]
[null,"D2-2-8 换","自卸汽车运输水泥石屑(碎石)混合料 自卸汽车装载 第一个1km \u007f实际运距(km):5",null,"100m3",0.578,null,1944.12,1123.7]
[null,"D2-2-12 换","机械铺筑水泥石屑(碎石)混合料 厚度 15cm \u007f实际厚度(cm):10",null,"100m2",5.78,null,198.38,1146.64]
[22,"040204002005","人行道块料铺设",null,"m2","827.44",null,95.06,78656.45]
[null,"D2-4-2 换","人行道砖 砂浆垫层(结合层) 厚度3cm \u007f合并制作子目 湿拌砌筑砂浆 砌筑灰缝≥5mm M20",null,"100m2",8.2744,null,7190.58,59497.74]
[null,"借A1-12-1 换","楼地面水泥砂浆找平层 混凝土或硬基层上 20mm \u007f合并制作子目 湿拌抹灰砂浆 一次抹灰厚度≥5mm M15",null,"100m2",8.2744,null,2315.27,19157.47]
[23,"040202015005","水泥稳定碎(砾)石",null,"m2","827.44",null,34.91,28885.93]
[null,"D2-2-4","集中拌合水泥石屑混合料 水泥含量 6%",null,"m3",82.744,null,309.85,25638.23]
[null,"D2-2-8 换","自卸汽车运输水泥石屑(碎石)混合料 自卸汽车装载 第一个1km \u007f实际运距(km):5",null,"100m3",0.82744,null,1944.12,1608.64]
["综合单价计算表"]
["工程名称：南村镇美丽家园社区改造项目",{"$nulls":5},"第 4 页 共 6 页"]
["序号","编码","名称",null,"单位","工程量",null,"综合单价\n（元）","综合合价\n（元）"]
[null,"D2-2-12 换","机械铺筑水泥石屑(碎石)混合料 厚度 15cm \u007f实际厚度(cm):10",null,"100m2",8.2744,null,198.38,1641.48]
[24,"040203007003","新建C30混凝土路面",null,"m2","798.6",null,132.37,105710.68]
[null,"D2-3-46 换","水泥混凝土路面 厚度 20cm \u007f实际厚度(cm):15 \u007f合并制作子目 普通预拌混凝土 碎石粒径综合考虑 C30",null,"100m2",7.986,null,13075.16,104418.23]
[null,"D2-3-55","水泥混凝土路面养生 水养生",null,"100m2",7.986,null,162.33,1296.37]
[25,"040202015003","水泥稳定碎(砾)石",null,"m2","798.6",null,52.38,41830.67]
[null,"D2-2-4","集中拌合水泥石屑混合料 水泥含量 6%",null,"m3",119.79,null,309.85,37116.93]
[null,"D2-2-8 换","自卸汽车运输水泥石屑(碎石)混合料 自卸汽车装载 第一个1km \u007f实际运距(km):5",null,"100m3",1.1979,null,1944.12,2328.86]
[null,"D2-2-12","机械铺筑水泥石屑(碎石)混合料 厚度 15cm  \u007f",null,"100m2",7.986,null,298.96,2387.49]
[26,"040203006002","新建改性沥青砼路面",null,"m2","1173.4",null,87.32,102461.29]
[null,"D2-3-44","机械摊铺沥青混凝土路面 细粒式",null,"100m3",0.46936,null,178003.16,83547.56]
[null,"D2-3-31","喷洒乳化沥青 喷油量(1kg/m2)",null,"100m2",11.734,null,402.7,4725.28]
[null,"D1-3-34","软基处理工程 铺装土工隔栅",null,"1000m2",1.1734,null,12096.7,14194.27]
[27,"040205004001","不锈钢烤漆板",null,"块","37",null,75.04,2776.48]
[null,"D2-5-21 换","标志板安装 单块面积 1m2内",null,"块",37,null,75.04,2776.48]
[28,"011108001002","休闲凳改造",null,"m2","28.42",null,222.4,6320.61]
[null,"借A1-12-60 换","铺贴花岗岩 零星装饰 水泥砂浆 \u007f合并制作子目 湿拌抹灰砂浆 一次抹灰厚度≥5mm M20",null,"100m2",0.2842,null,22240.49,6320.75]
[29,"011506003001","新建钢化玻璃雨篷",null,"m2","0.8",null,453.44,362.75]
[null,"借A1-16-222 换","二坡光棚不锈钢骨架夹胶玻璃",null,"100m2",0.008,null,45343.51,362.75]
[30,"011407001001","墙面喷刷涂料",null,"m2","9652.52",null,23.62,227992.52]
[null,"借A1-15-150","成品腻子粉(一般型)Y型 墙面 满刮一遍",null,"100m2",96.5252,null,690.57,66657.41]
["综合单价计算表"]
["工程名称：南村镇美丽家园社区改造项目",{"$nulls":5},"第 5 页 共 6 页"]
["序号","编码","名称",null,"单位","工程量",null,"综合单价\n（元）","综合合价\n（元）"]
[null,"借A1-15-158 换","抹灰面乳胶漆 墙柱面 面漆一遍 \u007f实际面漆遍数(遍):3",null,"100m2",96.5252,null,1671.87,161377.59]
[31,"040101002001","挖沟槽土方",null,"m3","11.39",null,39.82,453.55]
[null,"D1-1-10","人工挖沟槽土方 一、二类土 深度在2m内",null,"100m3天然密实方",0.1139,null,3982.04,453.55]
[32,"040103002005","余方弃置",null,"m3","11.39",null,30.5,347.4]
[null,"D1-1-27","人工装自卸汽车 土方",null,"100m3天然密实方",0.1139,null,1430.1,162.89]
[null,"D1-1-53 换","自卸汽车运土方 运距1km内 \u007f实际运距(km):5",null,"1000m3天然密实方",0.01139,null,16195.78,184.47]
[33,"040202015004","水泥稳定碎(砾)石",null,"m2","3.8",null,52.38,199.04]
[null,"D2-2-4","集中拌合水泥石屑混合料 水泥含量 6%",null,"m3",0.57,null,309.85,176.61]
[null,"D2-2-8 换","自卸汽车运输水泥石屑(碎石)混合料 自卸汽车装载 第一个1km \u007f实际运距(km):5",null,"100m3",0.0057,null,1944.12,11.08]
[null,"D2-2-12","机械铺筑水泥石屑(碎石)混合料 厚度 15cm  \u007f",null,"100m2",0.038,null,298.96,11.36]
[34,"040303002004","混凝土基础",null,"m3","4.62",null,743.69,3435.85]
[null,"D3-1-4 换","现浇基础 混凝土 \u007f合并制作子目 普通预拌混凝土 碎石粒径综合考虑 C15",null,"10m3",0.462,null,7436.89,3435.84]
[35,"010401001001","砖砌结构",null,"m3","1.45",null,557.11,807.81]
[null,"借A1-4-1 换","砖基础 \u007f合并制作子目 湿拌砌筑砂浆 砌筑灰缝≥5mm M7.5",null,"10m3",0.145,null,5571.11,807.81]
[36,"011108001001","石材零星项目",null,"m2","26.82",null,245.88,6594.5]
[null,"借A1-12-1 换","楼地面水泥砂浆找平层 混凝土或硬基层上 20mm \u007f合并制作子目 湿拌抹灰砂浆 一次抹灰厚度≥5mm M20",null,"100m2",0.2682,null,2347.59,629.62]
[null,"借A1-12-60 换","铺贴花岗岩 零星装饰 水泥砂浆 \u007f合并制作子目 湿拌抹灰砂浆 一次抹灰厚度≥5mm M20",null,"100m2",0.2682,null,22240.49,5964.9]
[37,"010606012001","分类垃圾支架",null,"t","0.272",null,29134.66,7924.63]
[null,"借A1-7-156","不锈钢支架 制作",null,"t",0.272,null,27108.3,7373.46]
[null,"借A1-7-157","不锈钢支架 安装",null,"t",0.272,null,2026.36,551.17]
[38,"010901003001","阳光板屋面",null,"m2","15.18",null,107.39,1630.18]
["综合单价计算表"]
["工程名称：南村镇美丽家园社区改造项目",{"$nulls":5},"第 6 页 共 6 页"]
["序号","编码","名称",null,"单位","工程量",null,"综合单价\n（元）","综合合价\n（元）"]
[null,"借A1-10-52","聚碳酸酯PC(阳光板)屋面 安装在钢檩上",null,"100m2",0.1518,null,10738.97,1630.18]
{"$rows_empty":32}
[null,null,"合   计",{"$nulls":5},816298.1]